Statistics for MIYEON((G)I-DLE) in each era

Click here to take the quiz!

General Stats

  • This quiz has been taken 15 times
  • The average score is 10 of 15

Answer Stats

Answer% Correct
Nxde
100%
Queencard
100%
Super lady
100%
Tomboy
100%
Latata
89%
Hwaa
78%
Oh my god
78%
Uh-oh
78%
Hann(alone)
56%
I want that
56%
Senorita
56%
Dumdi Dumdi
44%
Drive
33%
I do
33%
Last dance
33%

Score Distribution

Percentile by Number Answered

Percent of People with Each Score

Your Score History

You have not taken this quiz